Statistics for Airport names

Click here to take the quiz!

General Stats

  • This quiz has been taken 27 times
  • The average score is 4 of 15

Answer Stats

HintAnswer% Correct
Venice's airport is known for this travelerMarco Polo
79%
Istanbul's airport is named for this Turkish leader.Ataturk
74%
New Delhi's airport name is?Indira Gandhi
63%
Singapore airport is named?Changi
47%
Sydney's airport name is?Kingsford Smith
32%
Barcelona's airport is named?El Prat
26%
Riyadh's airport is named after this deceased king?King Khalid
11%
Kathmandu, Nepal's airport is called?Tribhuvan
11%
Manila airport is named after?Ninoy Aquino
11%
Reykjavik's airport is actually named?Reykjavik-Keflavik
5%
Edinburgh's airport is called?Turnhouse
0%
Glasgow's GLA airport is called?Abbotsinch
0%
Sao Paulo has Guarulhos and this other major airport?Viracopos
0%
What is the name of Lagos' airport?Murtala Muhammad
0%
Caracas' airport is named?Simon Bolivar
0%

Score Distribution

Percentile by Number Answered

Percent of People with Each Score

Your Score History

You have not taken this quiz